[Event "euyr2018"]
[Site "?"]
[Date "2018.05.27"]
[Round "7.17"]
[White "Mica, Marek"]
[Black "Sowinski, Maciej"]
[Result "1-0"]
[BlackElo "1415"]
[WhiteElo "1801"]
[LiveChessVersion "1.4.8"]

1. d4 {[%clk 0:20:17]} d5 {[%clk 0:20:17]} 2. c4 {[%clk 0:20:24]} e6
{[%clk 0:20:25]} 3. Nc3 {[%clk 0:20:32]} Nf6 {[%clk 0:20:34]} 4. Nf3
{[%clk 0:20:39]} Be7 {[%clk 0:20:21]} 5. Bg5 {[%clk 0:20:43]} h6 {[%clk 0:20:04]}
6. Bh4 {[%clk 0:20:50]} O-O {[%clk 0:20:12]} 7. e3 {[%clk 0:20:57]} b6
{[%clk 0:19:18]} 8. cxd5 {[%clk 0:21:00]} Nxd5 {[%clk 0:18:15]} 9. Bxe7
{[%clk 0:21:05]} Qxe7 {[%clk 0:18:07]} 10. Nxd5 {[%clk 0:21:12]} exd5
{[%clk 0:18:15]} 11. Bd3 {[%clk 0:21:19]} Bg4 {[%clk 0:17:32]} 12. h3
{[%clk 0:21:28]} Bh5 {[%clk 0:17:38]} 13. Rc1 {[%clk 0:20:48]} Qd6
{[%clk 0:11:01]} 14. Be2 {[%clk 0:18:41]} Nd7 {[%clk 0:10:11]} 15. O-O
{[%clk 0:18:40]} Nf6 {[%clk 0:09:36]} 16. Qc2 {[%clk 0:18:19]} Bxf3
{[%clk 0:08:46]} 17. Bxf3 {[%clk 0:18:26]} Rfc8 {[%clk 0:07:15]} 18. Qc6
{[%clk 0:18:21]} Qxc6 {[%clk 0:05:32]} 19. Rxc6 {[%clk 0:18:29]} a6
{[%clk 0:05:19]} 20. Rfc1 {[%clk 0:18:33]} Ra7 {[%clk 0:04:54]} 21. Rxb6
{[%clk 0:18:35]} cxb6 {[%clk 0:05:01]} 22. Rxc8+ {[%clk 0:18:43]} Kh7
{[%clk 0:05:10]} 23. Rc6 {[%clk 0:18:50]} b5 {[%clk 0:05:05]} 24. Rd6
{[%clk 0:18:47]} Rc7 {[%clk 0:04:38]} 25. Rxa6 {[%clk 0:18:42]} Rc1+
{[%clk 0:04:40]} 26. Kh2 {[%clk 0:18:37]} Rc2 {[%clk 0:04:49]} 27. Kg3
{[%clk 0:18:09]} Rxb2 {[%clk 0:04:57]} 28. a4 {[%clk 0:17:23]} bxa4
{[%clk 0:04:51]} 29. Rxa4 {[%clk 0:17:31]} Ne4+ {[%clk 0:02:55]} 30. Bxe4+
{[%clk 0:17:36]} dxe4 {[%clk 0:03:05]} 31. Ra5 {[%clk 0:17:45]} Kg6
{[%clk 0:02:41]} 32. Re5 {[%clk 0:17:38]} f5 {[%clk 0:02:49]} 33. f3
{[%clk 0:16:31]} Re2 {[%clk 0:02:16]} 34. fxe4 {[%clk 0:16:02]} Rxe3+
{[%clk 0:02:26]} 35. Kf4 {[%clk 0:16:11]} Rd3 {[%clk 0:01:37]} 36. exf5+
{[%clk 0:16:13]} Kf7 {[%clk 0:01:24]} 37. Re4 {[%clk 0:15:49]} Rd2
{[%clk 0:01:32]} 38. g4 {[%clk 0:15:37]} Kf6 {[%clk 0:01:11]} 39. Re6+
{[%clk 0:15:33]} Kf7 {[%clk 0:01:19]} 40. Rd6 {[%clk 0:15:16]} Rh2
{[%clk 0:01:18]} 41. Kg3 {[%clk 0:15:23]} Re2 {[%clk 0:01:16]} 42. h4
{[%clk 0:15:25]} Re1 {[%clk 0:00:53]} 43. h5 {[%clk 0:15:09]} Re2
{[%clk 0:00:57]} 44. Kf4 {[%clk 0:15:15]} Re1 {[%clk 0:01:05]} 45. Rg6
{[%clk 0:15:20]} Re2 {[%clk 0:01:07]} 46. d5 {[%clk 0:15:19]} Re1
{[%clk 0:01:12]} 47. Re6 {[%clk 0:15:16]} Rd1 {[%clk 0:01:18]} 48. Ke5
{[%clk 0:15:22]} Re1+ {[%clk 0:01:22]} 49. Kd6 {[%clk 0:15:30]} Rg1
{[%clk 0:01:26]} 50. Rg6 {[%clk 0:15:38]} Rd1 {[%clk 0:01:20]} 51. Kc6
{[%clk 0:15:42]} Rc1+ {[%clk 0:01:29]} 52. Kd7 {[%clk 0:15:50]} Rc2
{[%clk 0:01:20]} 53. d6 {[%clk 0:15:57]} Rc1 {[%clk 0:01:25]} 54. Kd8
{[%clk 0:15:59]} Rc2 {[%clk 0:01:32]} 55. d7 {[%clk 0:16:02]} Kg8
{[%clk 0:01:19]} 56. f6 {[%clk 0:16:03]} Kh7 {[%clk 0:01:18]} 57. f7
{[%clk 0:15:51]} Rc1 {[%clk 0:01:19]} 58. Ke7 {[%clk 0:15:45]} Rc2
{[%clk 0:01:16]} 59. Rxg7+ {[%clk 0:15:48]} Kxg7 {[%clk 0:01:23]} 60. f8=Q+
{[%clk 0:15:54]} Kh7 {[%clk 0:01:32]} 61. Qf7+ {[%clk 0:16:02]} Kh8
{[%clk 0:01:41]} 62. d8=Q# {[%clk 0:16:08]} 1-0

[Event "euyr2018"]
[Site "?"]
[Date "2018.05.27"]
[Round "7.18"]
[White "Bochnicka, Vladimir"]
[Black "Korenova, Simona"]
[Result "1-0"]
[BlackElo "1525"]
[WhiteElo "1799"]
[LiveChessVersion "1.4.8"]

1. e4 {[%clk 0:20:17]} c5 {[%clk 0:20:20]} 2. Nf3 {[%clk 0:20:26]} d6
{[%clk 0:20:29]} 3. d4 {[%clk 0:20:34]} cxd4 {[%clk 0:20:37]} 4. Qxd4
{[%clk 0:20:43]} Nc6 {[%clk 0:20:41]} 5. Bb5 {[%clk 0:20:51]} Bd7
{[%clk 0:20:49]} 6. Bxc6 {[%clk 0:21:01]} Bxc6 {[%clk 0:20:56]} 7. Nc3
{[%clk 0:21:10]} Nf6 {[%clk 0:20:31]} 8. Bg5 {[%clk 0:21:18]} Nd7
{[%clk 0:19:38]} 9. O-O-O {[%clk 0:19:23]} Qb6 {[%clk 0:19:30]} 10. Nd5
{[%clk 0:16:09]} Bxd5 {[%clk 0:17:42]} 11. exd5 {[%clk 0:16:03]} Rc8
{[%clk 0:15:42]} 12. Rhe1 {[%clk 0:14:48]} h6 {[%clk 0:14:21]} 13. Bh4
{[%clk 0:14:12]} Qxd4 {[%clk 0:13:47]} 14. Nxd4 {[%clk 0:14:15]} g6
{[%clk 0:11:00]} 15. Nb5 {[%clk 0:12:20]} Ne5 {[%clk 0:05:31]} 16. f4
{[%clk 0:10:29]} Nc4 {[%clk 0:04:18]} 17. b3 {[%clk 0:09:09]} a6 {[%clk 0:04:17]}
18. bxc4 {[%clk 0:08:53]} axb5 {[%clk 0:04:24]} 19. cxb5 {[%clk 0:09:03]} Rc5
{[%clk 0:03:19]} 20. Rd4 {[%clk 0:08:04]} Kd7 {[%clk 0:02:33]} 21. Rde4
{[%clk 0:07:19]} f6 {[%clk 0:01:35]} 22. c4 {[%clk 0:06:55]} g5 {[%clk 0:01:24]}
23. Bf2 {[%clk 0:06:44]} Rc8 {[%clk 0:00:25]} 24. f5 {[%clk 0:06:42]} Ra8
{[%clk 0:00:32]} 25. Kb2 {[%clk 0:06:47]} Re8 {[%clk 0:00:30]} 26. a4
{[%clk 0:06:32]} Bg7 {[%clk 0:00:25]} 27. a5 {[%clk 0:06:31]} Rhf8
{[%clk 0:00:19]} 28. Kb3 {[%clk 0:06:09]} Rf7 {[%clk 0:00:17]} 29. Kb4
{[%clk 0:06:07]} h5 {[%clk 0:00:20]} 30. h3 {[%clk 0:05:07]} Bh6 {[%clk 0:00:24]}
31. g4 {[%clk 0:04:51]} hxg4 {[%clk 0:00:28]} 32. hxg4 {[%clk 0:05:00]} Bf8
{[%clk 0:00:33]} 33. a6 {[%clk 0:05:02]} bxa6 {[%clk 0:00:41]} 34. bxa6
{[%clk 0:05:11]} Ra8 {[%clk 0:00:42]} 35. a7 {[%clk 0:05:19]} Rh7
{[%clk 0:00:46]} 36. Bd4 {[%clk 0:04:52]} Kc7 {[%clk 0:00:41]} 37. Ka5
{[%clk 0:04:33]} Rh2 {[%clk 0:00:42]} 38. R1e2 {[%clk 0:04:32]} Rh3
{[%clk 0:00:34]} 39. R4e3 {[%clk 0:04:25]} Rh4 {[%clk 0:00:36]} 40. Rg3
{[%clk 0:04:21]} Rh1 {[%clk 0:00:37]} 41. Bg1 {[%clk 0:03:07]} Rh7
{[%clk 0:00:21]} 42. Ka6 {[%clk 0:03:10]} Kc8 {[%clk 0:00:12]} 43. Rb2
{[%clk 0:02:48]} Kc7 {[%clk 0:00:12]} 44. Rgb3 {[%clk 0:02:46]} Rh8
{[%clk 0:00:14]} 45. Rb7+ {[%clk 0:02:53]} Kc8 {[%clk 0:00:21]} 46. Rb8+ 1-0

[Event "euyr2018"]
[Site "?"]
[Date "2018.05.27"]
[Round "7.19"]
[White "Cedzo, Adam"]
[Black "Jares, Michal"]
[Result "0-1"]
[BlackElo "1767"]
[WhiteElo "1487"]
[LiveChessVersion "1.4.8"]

1. e4 {[%clk 0:18:38]} c5 {[%clk 0:20:16]} 2. Nf3 {[%clk 0:18:40]} d6
{[%clk 0:20:20]} 3. d4 {[%clk 0:18:37]} cxd4 {[%clk 0:20:27]} 4. Nxd4
{[%clk 0:18:45]} Nf6 {[%clk 0:20:30]} 5. Nc3 {[%clk 0:18:52]} g6 {[%clk 0:20:31]}
6. Bc4 {[%clk 0:18:43]} Bg7 {[%clk 0:20:35]} 7. Be3 {[%clk 0:18:28]} O-O
{[%clk 0:20:36]} 8. Bb3 {[%clk 0:18:33]} Nc6 {[%clk 0:20:41]} 9. O-O
{[%clk 0:17:41]} Bd7 {[%clk 0:20:31]} 10. f3 {[%clk 0:17:44]} Ne5
{[%clk 0:20:32]} 11. Qd2 {[%clk 0:16:40]} Rc8 {[%clk 0:20:14]} 12. Bh6
{[%clk 0:16:16]} Nc4 {[%clk 0:19:53]} 13. Bxc4 {[%clk 0:16:09]} Rxc4
{[%clk 0:20:01]} 14. Bxg7 {[%clk 0:16:10]} Kxg7 {[%clk 0:20:07]} 15. Kh1
{[%clk 0:16:17]} Qb8 {[%clk 0:19:35]} 16. Nb3 {[%clk 0:15:32]} b5
{[%clk 0:18:58]} 17. Rfe1 {[%clk 0:12:49]} b4 {[%clk 0:17:07]} 18. Nd5
{[%clk 0:12:47]} Nxd5 {[%clk 0:16:48]} 19. exd5 {[%clk 0:12:50]} Re8
{[%clk 0:16:11]} 20. a3 {[%clk 0:11:05]} Qc7 {[%clk 0:15:40]} 21. axb4
{[%clk 0:10:19]} Kg8 {[%clk 0:13:09]} 22. c3 {[%clk 0:09:55]} e5 {[%clk 0:10:18]}
23. Qf2 {[%clk 0:07:32]} Qb6 {[%clk 0:09:17]} 24. Qxb6 {[%clk 0:06:43]} axb6
{[%clk 0:09:06]} 25. Ra7 {[%clk 0:05:40]} Bc8 {[%clk 0:07:21]} 26. g3
{[%clk 0:05:49]} Bh3 {[%clk 0:05:31]} 27. Rb7 {[%clk 0:05:23]} Ra8
{[%clk 0:04:20]} 28. Rxb6 Ra2 {[%clk 0:04:00]} 29. Na5 {[%clk 0:01:50]} Rc8
{[%clk 0:03:13]} 30. Rxd6 {[%clk 0:00:21]} Rxb2 {[%clk 0:03:10]} 31. Rc6
{[%clk 0:00:30]} Rd8 {[%clk 0:02:43]} 32. d6 {[%clk 0:00:40]} Bg2+
{[%clk 0:02:12]} 33. Kg1 {[%clk 0:00:35]} Bxf3 {[%clk 0:01:57]} 34. Rc5
{[%clk 0:00:15]} Rg2+ {[%clk 0:01:21]} 35. Kf1 {[%clk 0:00:14]} Rxd6
{[%clk 0:00:58]} 36. Re3 {[%clk 0:00:11]} Rxh2 {[%clk 0:00:20]} 37. Rc8+
{[%clk 0:00:19]} Kg7 {[%clk 0:00:27]} 38. Nc4 {[%clk 0:00:28]} Rd1+
{[%clk 0:00:30]} 39. Re1 {[%clk 0:00:37]} Bg2+ 40. Kg1 Rh1+ {[%clk 0:00:20]} 41.
Kxg2 {[%clk 0:00:56]} Rhxe1 {[%clk 0:00:26]} 42. b5 {[%clk 0:00:41]} Rc1
{[%clk 0:00:28]} 43. Nd6 {[%clk 0:00:30]} Rb1 {[%clk 0:00:20]} 44. Rc7
{[%clk 0:00:37]} Rb2+ {[%clk 0:00:21]} 45. Kh3 {[%clk 0:00:44]} Rh1+
{[%clk 0:00:21]} 46. Kg4 {[%clk 0:00:51]} Rf1 {[%clk 0:00:23]} 47. c4
{[%clk 0:00:55]} Rb3 {[%clk 0:00:20]} 48. Ne4 {[%clk 0:00:33]} h5+
{[%clk 0:00:24]} 49. Kh3 {[%clk 0:00:36]} Re1 {[%clk 0:00:21]} 50. Ng5
{[%clk 0:00:33]} Rb2 {[%clk 0:00:17]} 51. g4 {[%clk 0:00:25]} Re3+
{[%clk 0:00:20]} 52. Kh4 {[%clk 0:00:29]} Rh2+ {[%clk 0:00:25]} 53. Nh3
{[%clk 0:00:37]} Rhxh3+ {[%clk 0:00:29]} 54. Kg5 {[%clk 0:00:46]} Rhg3
{[%clk 0:00:31]} 55. Rxf7+ {[%clk 0:00:12]} Kxf7 {[%clk 0:00:38]} 56. Kh6
{[%clk 0:00:21]} Kf6 {[%clk 0:00:26]} 57. b6 {[%clk 0:00:30]} hxg4
{[%clk 0:00:20]} 58. Kh7 {[%clk 0:00:37]} Rh3+ {[%clk 0:00:27]} 59. Kg8
{[%clk 0:00:45]} Rb3 {[%clk 0:00:28]} 60. c5 {[%clk 0:00:54]} Rb5
{[%clk 0:00:26]} 61. Kf8 {[%clk 0:00:53]} Rh8# 0-1

[Event "euyr2018"]
[Site "?"]
[Date "2018.05.27"]
[Round "7.20"]
[White "Gyerpal, Adrian"]
[Black "Sulgan, Igor"]
[Result "1-0"]
[BlackElo "1122"]
[WhiteElo "1733"]
[LiveChessVersion "1.4.8"]

1. e4 {[%clk 0:20:18]} d5 {[%clk 0:20:19]} 2. exd5 {[%clk 0:20:27]} Nf6
{[%clk 0:20:28]} 3. d4 {[%clk 0:20:29]} Nxd5 {[%clk 0:20:37]} 4. Nf3
{[%clk 0:20:36]} Bg4 {[%clk 0:20:45]} 5. Be2 {[%clk 0:20:20]} e6 {[%clk 0:20:50]}
6. O-O {[%clk 0:20:13]} Be7 {[%clk 0:20:50]} 7. c4 {[%clk 0:19:49]} Nb6
{[%clk 0:20:51]} 8. h3 {[%clk 0:18:34]} Bh5 {[%clk 0:20:44]} 9. Nc3
{[%clk 0:17:56]} O-O {[%clk 0:19:45]} 10. g4 {[%clk 0:16:00]} Bg6
{[%clk 0:19:45]} 11. Ne5 {[%clk 0:15:54]} c5 {[%clk 0:15:55]} 12. dxc5
{[%clk 0:12:35]} Bxc5 {[%clk 0:15:00]} 13. Qxd8 {[%clk 0:12:09]} Rxd8
{[%clk 0:14:41]} 14. Bf3 {[%clk 0:12:05]} Nc6 {[%clk 0:14:21]} 15. Nxc6
{[%clk 0:10:09]} bxc6 {[%clk 0:14:28]} 16. Ne4 {[%clk 0:08:09]} Bxe4
{[%clk 0:13:11]} 17. Bxe4 {[%clk 0:08:18]} Nxc4 {[%clk 0:13:15]} 18. Bxc6
{[%clk 0:08:10]} Rac8 {[%clk 0:13:24]} 19. Bg2 {[%clk 0:07:25]} Bd4
{[%clk 0:12:15]} 20. Rb1 {[%clk 0:07:11]} Rb8 {[%clk 0:12:08]} 21. b3
{[%clk 0:07:08]} Nb6 {[%clk 0:11:19]} 22. Bb2 {[%clk 0:05:36]} Rbc8
{[%clk 0:07:14]} 23. Bxd4 {[%clk 0:04:24]} Rxd4 {[%clk 0:07:21]} 24. Rbc1
{[%clk 0:04:05]} Rxc1 {[%clk 0:05:16]} 25. Rxc1 {[%clk 0:04:14]} Kf8
{[%clk 0:05:08]} 26. Rc7 {[%clk 0:03:56]} Rd7 {[%clk 0:05:13]} 27. Rxd7
{[%clk 0:03:51]} Nxd7 {[%clk 0:05:21]} 28. Kf1 {[%clk 0:03:29]} Ke7
{[%clk 0:05:28]} 29. Ke2 {[%clk 0:03:36]} Kd6 {[%clk 0:05:33]} 30. Kd3
{[%clk 0:03:37]} Ne5+ {[%clk 0:04:20]} 31. Kc3 {[%clk 0:03:38]} Ng6
{[%clk 0:03:38]} 32. a4 {[%clk 0:02:46]} Nf4 {[%clk 0:02:10]} 33. Bf1
{[%clk 0:02:45]} Nd5+ {[%clk 0:01:38]} 34. Kc4 {[%clk 0:02:30]} Kc6
{[%clk 0:01:40]} 35. a5 {[%clk 0:01:07]} a6 {[%clk 0:01:34]} 36. b4
{[%clk 0:01:01]} Nc7 {[%clk 0:01:16]} 37. Bg2+ {[%clk 0:00:52]} Kd6
{[%clk 0:01:25]} 38. Be4 {[%clk 0:00:43]} h6 {[%clk 0:01:00]} 39. Bb7
{[%clk 0:00:51]} f6 {[%clk 0:00:32]} 40. Bf3 {[%clk 0:00:21]} Nb5
{[%clk 0:00:25]} 41. Bb7 {[%clk 0:00:26]} Nc7 {[%clk 0:00:34]} 42. Bf3
{[%clk 0:00:20]} Nb5 {[%clk 0:00:40]} 43. Bb7 {[%clk 0:00:29]} Nc7
{[%clk 0:00:49]} 44. b5 {[%clk 0:00:15]} Nxb5 {[%clk 0:00:18]} 45. Bxa6
{[%clk 0:00:22]} Na7 {[%clk 0:00:16]} 46. Bb7 {[%clk 0:00:19]} Kc7
{[%clk 0:00:16]} 47. Bf3 {[%clk 0:00:27]} Kd6 {[%clk 0:00:23]} 48. a6
{[%clk 0:00:17]} Kc7 49. Kc5 {[%clk 0:00:25]} e5 {[%clk 0:00:20]} 50. Be4
{[%clk 0:00:26]} Nc8 {[%clk 0:00:26]} 51. Bb7 {[%clk 0:00:19]} Na7
{[%clk 0:00:23]} 52. f3 {[%clk 0:00:25]} g5 {[%clk 0:00:23]} 53. Be4
{[%clk 0:00:17]} Nc8 {[%clk 0:00:30]} 54. Kd5 {[%clk 0:00:18]} Kd7
{[%clk 0:00:29]} 55. Bf5+ {[%clk 0:00:24]} Kc7 {[%clk 0:00:38]} 56. Bxc8
{[%clk 0:00:14]} Kxc8 {[%clk 0:00:47]} 57. Kc6 {[%clk 0:00:14]} Kb8
{[%clk 0:00:54]} 58. Kb6 {[%clk 0:00:23]} Ka8 {[%clk 0:01:04]} 59. a7
{[%clk 0:00:31]} f5 {[%clk 0:00:19]} 60. gxf5 {[%clk 0:00:39]} h5
{[%clk 0:00:28]} 61. f6 {[%clk 0:00:48]} g4 {[%clk 0:00:38]} 62. f7
{[%clk 0:00:58]} 1-0

[Event "euyr2018"]
[Site "?"]
[Date "2018.05.27"]
[Round "7.21"]
[White "Subjakova, Kristina"]
[Black "Turcan, Richard"]
[Result "0-1"]
[BlackElo "1943"]
[WhiteElo "1459"]
[LiveChessVersion "1.4.8"]

1. e4 {[%clk 0:20:19]} c5 {[%clk 0:20:19]} 2. Nf3 {[%clk 0:20:28]} d6
{[%clk 0:20:27]} 3. d4 {[%clk 0:20:37]} cxd4 {[%clk 0:20:36]} 4. Nxd4
{[%clk 0:20:46]} Nf6 {[%clk 0:20:44]} 5. Nc3 {[%clk 0:20:54]} g6 {[%clk 0:20:53]}
6. Be3 {[%clk 0:21:03]} Bg7 {[%clk 0:21:01]} 7. f3 {[%clk 0:21:12]} O-O
{[%clk 0:21:09]} 8. Bc4 {[%clk 0:21:20]} Nc6 {[%clk 0:21:18]} 9. Qd2
{[%clk 0:21:29]} Bd7 {[%clk 0:21:27]} 10. O-O-O {[%clk 0:21:37]} Rc8
{[%clk 0:21:36]} 11. Nxc6 {[%clk 0:21:41]} Bxc6 {[%clk 0:20:23]} 12. g4
{[%clk 0:21:39]} Bxe4 {[%clk 0:16:51]} 13. Bxf7+ {[%clk 0:21:19]} Rxf7
{[%clk 0:16:45]} 14. Nxe4 {[%clk 0:21:17]} Nxe4 {[%clk 0:16:29]} 15. fxe4
{[%clk 0:21:25]} Qd7 {[%clk 0:15:16]} 16. Qb4 {[%clk 0:17:52]} a5
{[%clk 0:11:42]} 17. Qxa5 {[%clk 0:14:31]} Qxg4 {[%clk 0:08:21]} 18. Qd5
{[%clk 0:12:46]} Qe2 {[%clk 0:04:51]} 19. Bd2 {[%clk 0:09:50]} Qc4
{[%clk 0:04:25]} 20. Qxc4 {[%clk 0:08:46]} Rxc4 {[%clk 0:04:34]} 21. Rhe1
{[%clk 0:08:43]} Rf2 {[%clk 0:04:18]} 22. h3 {[%clk 0:08:46]} Rh2
{[%clk 0:03:57]} 23. b3 {[%clk 0:07:40]} Rd4 {[%clk 0:03:24]} 24. Bg5
{[%clk 0:06:26]} Kf7 {[%clk 0:01:56]} 25. Rxd4 {[%clk 0:04:33]} Bxd4
{[%clk 0:02:05]} 26. Rf1+ {[%clk 0:04:42]} Ke6 {[%clk 0:02:03]} 27. Rf3
{[%clk 0:04:24]} Re2 {[%clk 0:01:32]} 28. c3 {[%clk 0:03:50]} Bf6
{[%clk 0:01:34]} 29. Bxf6 {[%clk 0:03:18]} exf6 30. Rf4 {[%clk 0:03:17]} Rxa2
{[%clk 0:01:48]} 31. Kd1 {[%clk 0:03:07]} Ke5 {[%clk 0:01:53]} 32. Rg4
{[%clk 0:03:15]} Rh2 {[%clk 0:01:55]} 33. Rh4 {[%clk 0:03:19]} h5
{[%clk 0:02:04]} 34. b4 {[%clk 0:03:21]} b5 {[%clk 0:02:05]} 35. Kc1 Rf2 36. Kd1
{[%clk 0:03:17]} Rf3 {[%clk 0:02:03]} 37. Kd2 {[%clk 0:03:25]} Ke6
{[%clk 0:02:07]} 38. Kc2 {[%clk 0:03:28]} Kf7 {[%clk 0:02:11]} 39. Kd2
{[%clk 0:03:05]} Kg7 {[%clk 0:02:19]} 40. e5 fxe5 {[%clk 0:02:18]} 41. c4
{[%clk 0:03:01]} bxc4 {[%clk 0:02:16]} 42. Rxc4 {[%clk 0:03:07]} Kf6
{[%clk 0:02:00]} 43. Kc2 {[%clk 0:03:13]} Ke6 {[%clk 0:02:03]} 44. b5
{[%clk 0:03:21]} Kd5 {[%clk 0:00:33]} 45. Rc7 {[%clk 0:03:00]} Rf8
{[%clk 0:00:19]} 46. b6 {[%clk 0:03:04]} Rb8 {[%clk 0:00:19]} 47. b7
{[%clk 0:03:11]} e4 {[%clk 0:00:26]} 48. Kd2 {[%clk 0:03:19]} Kd4
{[%clk 0:00:26]} 49. Ke2 {[%clk 0:03:15]} d5 {[%clk 0:00:33]} 50. Kd2
{[%clk 0:03:15]} g5 {[%clk 0:00:30]} 51. Rg7 {[%clk 0:03:22]} g4 {[%clk 0:00:29]}
52. hxg4 {[%clk 0:03:28]} hxg4 {[%clk 0:00:38]} 53. Ke2 {[%clk 0:03:29]} g3
{[%clk 0:00:46]} 54. Kf1 {[%clk 0:03:33]} Kd3 {[%clk 0:00:20]} 55. Rxg3+
{[%clk 0:03:40]} e3 {[%clk 0:00:29]} 56. Rg7 {[%clk 0:03:20]} Kd2
{[%clk 0:00:30]} 57. Re7 {[%clk 0:03:16]} Rxb7 {[%clk 0:00:29]} 58. Rxb7
{[%clk 0:03:18]} e2+ {[%clk 0:00:38]} 59. Kg2 {[%clk 0:03:26]} e1=Q
{[%clk 0:00:46]} 60. Rb2+ {[%clk 0:03:34]} Ke3 {[%clk 0:00:50]} 61. Rb3+
{[%clk 0:03:42]} Ke4 {[%clk 0:00:49]} 62. Rb8 {[%clk 0:03:40]} Qd2+
{[%clk 0:00:50]} 63. Kf1 {[%clk 0:03:38]} Qf4+ {[%clk 0:00:59]} 0-1

[Event "euyr2018"]
[Site "?"]
[Date "2018.05.27"]
[Round "7.22"]
[White "Ret, Adam Josef"]
[Black "Sosovickova, Jana"]
[Result "1/2-1/2"]
[BlackElo "1515"]
[WhiteElo "1675"]
[LiveChessVersion "1.4.8"]

1. d4 {[%clk 0:20:17]} d5 {[%clk 0:20:19]} 2. c4 {[%clk 0:20:26]} c6
{[%clk 0:20:27]} 3. cxd5 {[%clk 0:20:28]} cxd5 {[%clk 0:20:28]} 4. Nc3
{[%clk 0:20:30]} Nf6 {[%clk 0:20:07]} 5. Bf4 {[%clk 0:20:37]} Qb6
{[%clk 0:19:27]} 6. Qd2 {[%clk 0:17:15]} e6 {[%clk 0:17:19]} 7. a3
{[%clk 0:15:42]} Bd6 {[%clk 0:15:56]} 8. Bxd6 {[%clk 0:15:21]} Qxd6
{[%clk 0:16:03]} 9. Nf3 {[%clk 0:15:25]} Nc6 {[%clk 0:14:34]} 10. e3
{[%clk 0:15:24]} a6 {[%clk 0:14:02]} 11. Bd3 {[%clk 0:15:07]} Bd7
{[%clk 0:13:35]} 12. O-O {[%clk 0:15:12]} O-O {[%clk 0:13:39]} 13. b4
{[%clk 0:12:19]} b5 {[%clk 0:12:30]} 14. Rac1 {[%clk 0:11:29]} Rac8
{[%clk 0:12:06]} 15. Bb1 {[%clk 0:10:28]} Rc7 {[%clk 0:10:39]} 16. Rfd1
{[%clk 0:08:35]} Rfc8 {[%clk 0:08:07]} 17. Ne2 {[%clk 0:08:15]} Be8
{[%clk 0:06:41]} 18. h3 {[%clk 0:06:57]} Ne7 {[%clk 0:05:30]} 19. Rxc7
{[%clk 0:07:00]} Rxc7 {[%clk 0:05:33]} 20. Rc1 {[%clk 0:07:09]} Nd7
{[%clk 0:05:05]} 21. Ne1 {[%clk 0:05:07]} Nb6 {[%clk 0:04:38]} 22. Rxc7
{[%clk 0:04:36]} Qxc7 {[%clk 0:04:42]} 23. Nd3 {[%clk 0:04:30]} Nc4
{[%clk 0:04:14]} 24. Qc1 {[%clk 0:04:38]} Nc8 {[%clk 0:03:38]} 25. Nc5
{[%clk 0:04:33]} Qa7 {[%clk 0:03:14]} 26. Nf4 {[%clk 0:03:00]} N8b6
{[%clk 0:02:30]} 27. Nfd3 {[%clk 0:03:00]} Bd7 {[%clk 0:02:09]} 28. Ba2
{[%clk 0:01:42]} Bc8 {[%clk 0:01:35]} 29. Bb1 {[%clk 0:01:25]} Bd7
{[%clk 0:01:43]} 30. Ba2 {[%clk 0:01:24]} Bc8 1/2-1/2

[Event "euyr2018"]
[Site "?"]
[Date "2018.05.27"]
[Round "7.23"]
[White "Saraev, Yaroslav"]
[Black "Valko, Michal"]
[Result "1/2-1/2"]
[BlackElo "1262"]
[WhiteElo "1666"]
[LiveChessVersion "1.4.8"]

1. Nf3 {[%clk 0:20:19]} c5 {[%clk 0:20:18]} 2. c4 {[%clk 0:20:25]} Nf6
{[%clk 0:20:15]} 3. g3 {[%clk 0:20:33]} g6 {[%clk 0:20:22]} 4. Bg2
{[%clk 0:20:41]} Bg7 {[%clk 0:20:31]} 5. O-O {[%clk 0:20:48]} O-O
{[%clk 0:20:37]} 6. d4 {[%clk 0:20:33]} cxd4 {[%clk 0:20:40]} 7. Nxd4
{[%clk 0:20:41]} Nc6 {[%clk 0:20:37]} 8. Nc3 {[%clk 0:20:37]} Rb8
{[%clk 0:20:20]} 9. Bf4 {[%clk 0:20:36]} d6 {[%clk 0:19:08]} 10. Nxc6
{[%clk 0:16:19]} bxc6 {[%clk 0:19:16]} 11. Qd2 {[%clk 0:10:14]} c5
{[%clk 0:18:04]} 12. Rfd1 {[%clk 0:09:14]} Bb7 {[%clk 0:16:08]} 13. e4
{[%clk 0:09:17]} Nd7 {[%clk 0:09:55]} 14. Bh6 {[%clk 0:09:13]} Ne5
{[%clk 0:10:03]} 15. Bxg7 {[%clk 0:09:22]} Kxg7 {[%clk 0:10:12]} 16. b3
{[%clk 0:09:24]} f5 {[%clk 0:07:59]} 17. f4 {[%clk 0:07:11]} Ng4 {[%clk 0:07:07]}
18. h3 {[%clk 0:07:07]} Nh6 {[%clk 0:07:05]} 19. Qb2 {[%clk 0:06:40]} fxe4
{[%clk 0:05:38]} 20. Nxe4+ {[%clk 0:06:39]} Kg8 {[%clk 0:05:47]} 21. Ng5
{[%clk 0:03:07]} Qe8 {[%clk 0:03:54]} 22. Qe2 {[%clk 0:01:00]} Nf5
{[%clk 0:02:50]} 23. Bxb7 {[%clk 0:00:38]} Rxb7 {[%clk 0:02:51]} 24. Qe4
{[%clk 0:00:33]} Rd7 {[%clk 0:02:11]} 25. Qd5+ {[%clk 0:00:35]} Kh8
{[%clk 0:02:06]} 26. Rd3 {[%clk 0:00:29]} Rf6 {[%clk 0:01:50]} 27. Ne6
{[%clk 0:00:35]} Qf7 {[%clk 0:01:19]} 28. Nxc5 {[%clk 0:00:36]} Qxd5
{[%clk 0:00:46]} 29. Rxd5 {[%clk 0:00:45]} Rc7 {[%clk 0:00:49]} 30. Ne4
{[%clk 0:00:50]} Rf8 {[%clk 0:00:59]} 31. Kh2 {[%clk 0:00:40]} Ne3
{[%clk 0:00:48]} 32. Rd3 {[%clk 0:00:43]} Nf5 {[%clk 0:00:57]} 33. Ng5
{[%clk 0:00:40]} Ng7 34. Re1 {[%clk 0:00:42]} a5 {[%clk 0:00:41]} 35. Rd5
{[%clk 0:00:33]} a4 {[%clk 0:00:48]} 36. Ra5 {[%clk 0:00:34]} axb3
{[%clk 0:00:55]} 37. axb3 {[%clk 0:00:42]} Rb7 {[%clk 0:01:02]} 38. Rb1
{[%clk 0:00:33]} Rfb8 {[%clk 0:01:10]} 39. g4 {[%clk 0:00:36]} h6
{[%clk 0:01:08]} 40. Nf7+ {[%clk 0:00:32]} Kh7 {[%clk 0:01:16]} 41. g5
{[%clk 0:00:36]} h5 {[%clk 0:01:20]} 42. Ra3 {[%clk 0:00:32]} Nf5
{[%clk 0:01:29]} 43. Kg2 {[%clk 0:00:24]} Kg7 {[%clk 0:01:29]} 44. Nh6
{[%clk 0:00:31]} Nxh6 {[%clk 0:01:38]} 45. gxh6+ {[%clk 0:00:40]} Kxh6
{[%clk 0:01:48]} 46. h4 {[%clk 0:00:45]} Rb4 {[%clk 0:01:57]} 47. Ra7
{[%clk 0:00:48]} Rxc4 {[%clk 0:02:03]} 48. Rxe7 {[%clk 0:00:52]} Rc2+
{[%clk 0:02:12]} 49. Kf3 {[%clk 0:00:57]} Rc3+ {[%clk 0:02:21]} 50. Re3
{[%clk 0:01:04]} Rc5 {[%clk 0:01:42]} 51. b4 {[%clk 0:00:52]} Rc4
{[%clk 0:01:35]} 52. Rd3 {[%clk 0:00:38]} Rcxb4 {[%clk 0:01:41]} 53. Rxb4
{[%clk 0:00:46]} Rxb4 {[%clk 0:01:50]} 54. Rxd6 {[%clk 0:00:55]} Rb3+
{[%clk 0:01:56]} 55. Kg2 {[%clk 0:00:34]} Rb2+ {[%clk 0:01:51]} 1/2-1/2